Principales enfermedades de los frutales de hoja caduca en Chile
Gespeichert in:
| Hauptverfasser: | , , |
|---|---|
| Format: | Buch |
| Sprache: | Spanisch |
| Veröffentlicht: |
Santiago
INIA
1994
|
| Schlagworte: | |
| Tags: |
Tag hinzufügen
Keine Tags, Fügen Sie den ersten Tag hinzu!
|
MARC
| LEADER | 00000nam a2200000 a 4500 | ||
|---|---|---|---|
| 001 | UCY1223 | ||
| 003 | CL-VaPUC | ||
| 008 | 940824e19940000CL |||||||||||||||||spa|d | ||
| 020 | |a 9567016038 | ||
| 082 | 0 | 4 | |a 634.049 |b PIN |2 21 |
| 100 | 0 | |a Pinto de Torres, Adriana |e author |9 329161 | |
| 700 | 0 | |a English, Harley |e author |9 329162 | |
| 700 | |a Álvarez Aburto, Mario |e author |9 500087 | ||
| 245 | 1 | 0 | |a Principales enfermedades de los frutales de hoja caduca en Chile |
| 300 | |a 311 p | ||
| 942 | |c BK | ||
| 945 | |d 19940824 00:00:00 |a mfernand | ||
| 260 | |a Santiago |b INIA |c 1994 | ||
| 650 | 0 | |a Arboles frutales |x Enfermedades y plagas |9 329164 | |
| 651 | 7 | |a CHILE |2 CL-VaPUC |9 329165 | |
| 583 | |a last modification |c 19940824 00:00:00 |k Rodrigo Vera | ||
| 999 | |c 229998 |d 229996 | ||
| 952 | |0 0 |1 1 |2 ddc |4 0 |6 634_049000000000000_PIN_1994 |7 0 |8 A |9 231797 |a BIBAGR |b BIBAGR |d 2019-11-15 |i 3015181 |l 1 |o 634.049 PIN 1994 |p 3015181 |r 2022-03-28 |s 2022-03-24 |w 2019-11-15 |y BK |k AGR | ||
| 952 | |0 0 |1 0 |4 0 |6 634_049000000000000_PIN_1994 |7 0 |8 A |9 231798 |a BIBAGR |b BIBAGR |d 2019-11-15 |i 4000552 |l 1 |o 634.049 PIN 1994 |p 4000552 |r 2025-01-20 |s 2024-11-21 |w 2019-11-15 |y BK |k AGR | ||
| 952 | |0 0 |1 0 |4 0 |6 634_049000000000000_PIN_1994 |7 0 |8 A |9 231799 |a BIBAGR |b BIBAGR |d 2019-11-15 |i 4000560 |l 3 |o 634.049 PIN 1994 |p 4000560 |q 2024-08-23 |r 2024-05-29 |s 2024-05-29 |w 2019-11-15 |y BK |k AGR | ||
| 952 | |0 0 |1 1 |2 ddc |4 0 |6 634_049000000000000_PIN_1994 |7 0 |8 A |9 231800 |a BIBAGR |b BIBAGR |d 2019-11-15 |i 4000579 |o 634.049 PIN 1994 |p 4000579 |r 2019-11-15 |w 2019-11-15 |y BK |k AGR | ||